00988 a2200193 45000010006000000050017000060080041000230030015000640400040000790800041001192450043001602640034002033000019002375050361002561000023006177000027006407000033006678560094007003779020260407155644.0260407a1971 arg spa dAR-UNSa-BCEJYS aAR-UNSa-BCEJYSbspacAR-UNSa-BCEJYS a512.64xAlgebra lineal y multilineal10aTeoría y problemas de algebra lineal 1aMéxico :bMcGraw-Hillc1971 a151 p.c26 cm. a1. Vectores en R y C - 2. Ecuaciones lineales - 3. Matrices - 4. Espacios vectoriales y subespacios - 5. Base y dimensión - 6. Aplicaciones lineales - 8. Determinantes - 9. Valores propios y vectores propios - 10. Formas canonicas - 11. Funciones lineales y espacio dual - 12. Formas bilineales cuadratica y hermitica - 13. Espacio con producto interno.1 aLipschutz, Seymour1 aParedes Manchola, Hugo1 aJimenez Becerra, Luis Rafael41uhttps://biblioeco.unsa.edu.ar/pmb/images/libros/L53631.jpgyImagen de portadaqimage/jpeg